000 01162nam a2200229Ia 4500
003 Ost
005 20260507075518.0
008 260507s9999||||xx |||||||||||||| ||und||
020 _a9957182234
040 _cfsecg
041 _aara
082 _a352.96
100 _aالكرخي، مجيد
_eمؤلف
245 0 _aالتخطيط الاستراتيجي :
_bعرض نظري وتطبيقي /
_c مجيد الكرخي
260 _aعمان:
_bدار المناهج,
_c2009
300 _a368 صفحة؛
_bإيضاحات ؛
_c25 سم
520 _aمدخل في التخطيط،مدخل في التخطيط الاستراتيجي،رؤية ورسالة وقيم المنظمة وشعار المنظمة،تحليل بيئة المنظمة والفجوات،القضايا الأساسية للمنظمة،الأهداف الاستراتيجية والفرعية،الخطة التنفيذية المتابعة والتقييم،نجاح وفشل التخطيط الإستراتيجي،بناء الخطة الاستراتيجية خطوة خطوة
653 _aالادارة
653 _aالتخطيط
653 _aالتنظيم
942 _cكتاب
999 _c44763
_d44763